[Event "Chess.com Classic Div 3 W"]
[Site "chess.com INT"]
[Date "2024.05.14"]
[Round "6.5"]
[White "Andreikin, D."]
[Black "Grandelius, N."]
[Result "1-0"]
[WhiteElo "2729"]
[BlackElo "2664"]
[PlyCount "49"]
[EventDate "2024.05.10"]
[EventType "k.o."]

1. Nf3 d5 2. g3 Nd7 3. d4 Nb6 4. Nc3 Bf5 5. Nh4 Bg4 6. Qd3 ({RR} 6. h3 Bh5 7. Ng2 e6 8. Nf4 Bg6 9. Nxg6 hxg6 10. a3 f5 11. Qd3 Nf6 12. Bg5 Be7 13. e3 Ne4 14. Bxe7 Qxe7 15. Bg2 O-O-O 16. Ne2 Nc4 17. Nf4 Rh6 18. b3 Ncd6 19. Qe2 Nc3 20. Qd3 Nce4 {Deac,B (3028)-Grigoriants,S (2908) Chess.com 2024 ½-½}) 6... e6 7. e4 ({RR} 7. f3 Bh5 8. e4 Be7 9. Ng2 Nf6 10. Bg5 O-O 11. Nf4 Bg6 12. h4 h6 13. Bxf6 Bxf6 14. Nxg6 fxg6 15. e5 Be7 16. Qxg6 Rxf3 17. Bd3 Rxd3 18. Qxe6+ Kh8 19. cxd3 c5 20. O-O Rc8 21. Rf7 cxd4 {Kaustuv,K (2407)-Majumder Shrayan (2111) Bengaluru IND 2025 1-0}) 7... Be7 ({RR} 7... Nf6 8. exd5 exd5 9. Bg2 Be7 10. O-O O-O 11. h3 Be6 12. Nf5 Bb4 13. Bg5 h6 14. Bxf6 Qxf6 15. Ne3 c6 16. a4 Rad8 17. b3 a5 18. Ne2 Rfe8 19. c3 Bd6 20. Rae1 Bc8 21. Ng4 Bxg4 22. hxg4 {Svane,R (2635)-Grandelius,N (2664) chess.com INT 2024 ½-½ (37)}) 8. exd5 $146 ({RR} 8. h3 Bh5 9. Ng2 dxe4 10. Qb5+ {1-0 (10) Srihari,L (2500)-Ashraf,A (2383) Abu Dhabi UAE 2024}) 8... exd5 9. Nf5 Bxf5 10. Qxf5 Bf6 11. Be3 Ne7 12. Qf3 Qd7 13. h4 a6 14. O-O-O Na4 15. Bh3 Qc6 16. Nxa4 Qxa4 17. Kb1 h5 18. Bg5 Bxg5 19. hxg5 Qc6 20. Rde1 Qd6 21. Re5 Kf8 22. Be6 Ke8 23. Qxf7+ Kd8 24. Qxg7 Re8 25. Bf7 1-0

[Event "Chess.com Classic Div 3 L"]
[Site "chess.com INT"]
[Date "2024.05.11"]
[Round "3.3"]
[White "Daneshvar, Bardiya"]
[Black "Warmerdam, Max"]
[Result "1-0"]
[WhiteElo "2582"]
[BlackElo "2652"]
[PlyCount "201"]
[EventDate "2024.05.10"]
[EventType "k.o."]

1. Nf3 Nf6 2. g3 g6 3. b3 Bg7 4. Bb2 c5 5. Bg2 d5 6. c4 d4 7. b4 O-O 8. O-O Nfd7 9. bxc5 Nxc5 10. d3 Nba6 11. Nbd2 e5 12. Ba3 Re8 ({RR} 12... Bd7 13. Nb3 Rc8 14. Nfd2 b6 15. Ne4 Qc7 16. e3 Nxe4 17. Bxe4 Rfd8 18. exd4 exd4 19. Qf3 Bc6 20. Rfe1 Nb8 21. h4 Bxe4 22. Rxe4 Nc6 23. Rae1 Qd7 24. Qe2 a5 25. Nd2 b5 26. cxb5 Ne5 27. Rxe5 {Fiorito,F (2370)-Revaliente Montoya,C (2263) Roquetas de Mar ESP 2024 1-0 (33)}) 13. Nb3 $146 ({RR} 13. Rb1 Bd7 14. Ne1 Rb8 15. Ne4 b6 16. Qc1 Qc7 17. Nc2 Bc6 18. Nxc5 bxc5 19. Bxc6 Qxc6 20. Na1 e4 21. Rxb8 Nxb8 22. dxe4 Qxe4 23. Bxc5 Qxe2 24. Nc2 Qxc4 25. Nxd4 Qxa2 26. Nb5 Nc6 27. Nd6 Rb8 {Vaishali,R (2259)-Gupta,A (2607) Reykjavik 2017 0-1 (37)}) 13... Na4 14. Qc2 Bd7 15. Nfd2 Rb8 16. Bd6 b5 17. Bxb8 Qxb8 18. Rfc1 Nb4 19. Qd1 Nc3 20. Qe1 Ncxa2 21. Nc5 Nxc1 22. Nxd7 Qc7 23. Qxc1 Qxd7 24. Qb2 Bf8 25. Ne4 Kg7 26. cxb5 Rc8 27. Qd2 h6 28. Qd1 Nd5 29. Qa4 Rc7 30. Qa6 Be7 31. h4 Nc3 32. Nxc3 dxc3 33. Bc6 Qd4 34. Qa5 Bd6 35. Rc1 Qb4 36. Qa1 Bc5 37. Qxc3 Qxc3 38. Rxc3 Bb6 39. e3 h5 40. Kf1 f5 41. Ke2 Kf6 42. Rc4 Ke7 43. Kd2 Kd6 44. Be8 Rxc4 45. dxc4 f4 46. Bxg6 fxe3+ 47. fxe3 Kc5 48. Bxh5 Kxc4 49. Be2+ Kd5 50. Kd3 e4+ 51. Kd2 Bc7 52. g4 Bg3 53. h5 Bh4 54. Bd1 Bg5 55. Be2 Ke5 56. Bc4 Bh6 57. Bf7 Bg5 58. Be8 Bh6 59. Bc6 Bg5 60. Ke2 Bh6 61. Bb7 Bg5 62. Bc8 Bh6 63. Bf5 Bg5 64. Kd2 Bh6 65. Bg6 Bg5 66. Bf7 Bh6 67. Bc4 Bg5 68. Be2 Bh6 69. Kc3 Bg5 70. Kb4 Bxe3 71. Ka5 Kf6 72. Ka6 Kg5 73. Kb7 Bb6 74. Kc6 e3 75. Kd5 Bc7 76. Ke6 Bb6 77. Kf7 Bc7 78. Kg7 Be5+ 79. Kh7 Bd4 80. Kg8 Bc3 81. Kf7 Bd4 82. Ke6 Bb6 83. Ke5 Bc7+ 84. Kd5 Bb6 85. Kd6 Ba5 86. Ke7 Bb6 87. Kf7 Bd4 88. Bd1 Bc3 89. Kg8 Bd4 90. Kf8 Bc3 91. Ke7 Bd4 92. Kd6 Bb6 93. Kc6 Ba5 94. Kd7 Bb6 95. Bf3 Ba5 96. Ke6 Bb6 97. Ke5 Ba5 98. Ke4 Bb6 99. Be2 Bc5 100. h6 Bb6 101. h7 1-0

[Event "Chess.com Classic Div 3 L"]
[Site "chess.com INT"]
[Date "2024.05.11"]
[Round "3.3"]
[White "Mamedov, Rau"]
[Black "Rasulov, Vu"]
[Result "1-0"]
[WhiteElo "2651"]
[BlackElo "2560"]
[PlyCount "143"]
[EventDate "2024.05.10"]
[EventType "k.o."]

1. Nf3 d5 2. g3 g6 3. Bg2 Bg7 4. O-O e5 5. d3 Ne7 6. e4 O-O 7. exd5 Nxd5 8. Nbd2 Nc6 9. Re1 h6 10. a3 Re8 11. Rb1 a5 12. Ne4 ({RR} 12. c3 a4 13. Ne4 Nf6 14. Nfd2 Nd7 15. f4 exf4 16. gxf4 Nb6 17. Nf1 Ne7 18. Qe2 Bd7 19. Qf2 Bc6 20. Be3 Nf5 21. Bxb6 cxb6 22. Rbd1 Nh4 23. Bh1 f5 24. Ned2 Rxe1 25. Rxe1 Bxh1 26. Kxh1 Qd5+ {Mamedov,R (2646)-Bartel,M (2627) Jerusalem ISR 2022 ½-½ (41)}) 12... Nd4 $146 ({RR} 12... Nf6 13. Nxf6+ Qxf6 14. b4 axb4 15. axb4 Bg4 16. h3 Bd7 17. Nd2 Qe7 18. c3 Rad8 19. Ra1 Bf5 20. Ne4 b6 21. Bb2 Qe6 22. Kh2 Bxe4 23. Bxe4 f5 24. Bg2 e4 25. Qc2 Ne5 26. dxe4 f4 27. Rad1 {Delchev,A (2660)-Fressinet,L (2712) Linares 2014 ½-½ (32)}) 13. c4 Nb6 14. Nxd4 exd4 15. Bd2 Nd7 16. b4 axb4 17. axb4 Ra6 18. Qb3 Rae6 19. Rf1 b6 20. Bf4 g5 21. Bc1 Bb7 22. Nxg5 hxg5 23. Bxb7 c6 24. Qd1 Qc7 25. Ba6 Qd8 26. b5 Nc5 27. Ba3 Nd7 28. Bb7 Ne5 29. Bxc6 Nxc6 30. bxc6 Rxc6 31. Qg4 Rce6 32. Rb5 Re5 33. Rxe5 Rxe5 34. Bc1 b5 35. cxb5 Rxb5 36. Bd2 Bf6 37. h4 Kf8 38. Rc1 Qd5 39. hxg5 Bxg5 40. Bxg5 Qxg5 41. Rc8+ Ke7 42. Qxd4 Qd5 43. Rc7+ Ke6 44. Qg4+ Kf6 45. Qf4+ Kg7 46. Qg4+ Kf6 47. Qe4 Qh5 48. Qd4+ Kg6 49. Rc6+ Kh7 50. Qe4+ Kg7 51. Rc1 Re5 52. Qd4 Kh7 53. Qf4 Rf5 54. Qe4 Qg6 55. Kg2 Kg7 56. Qd4+ Qf6 57. Qxf6+ Kxf6 58. Rc4 Rd5 59. d4 Ke6 60. Kf3 Rf5+ 61. Ke3 Ra5 62. Ke4 Ra2 63. f4 Ke7 64. g4 Kf8 65. g5 Re2+ 66. Kf5 Ra2 67. d5 Kg7 68. Rd4 Ra6 69. d6 Ra8 70. d7 Rd8 71. Ke5 Kg6 72. Kd6 1-0

[Event "7th Sharjah Masters 2024"]
[Site "Sharjah UAE"]
[Date "2024.05.14"]
[Round "1.19"]
[White "Aravindh, Chithambaram VR."]
[Black "Bharath, Subramaniyam H"]
[Result "1-0"]
[WhiteElo "2671"]
[BlackElo "2545"]
[PlyCount "77"]
[EventDate "2024.05.14"]

1. Nf3 d5 2. g3 g6 3. Bg2 Bg7 4. d4 c6 5. O-O Nf6 6. c4 dxc4 7. a4 Ne4 8. Nc3 Nd6 9. e4 O-O 10. Be3 Bg4 11. h3 Bxf3 12. Qxf3 Nd7 $146 ({RR} 12... Na6 13. Qe2 Nb4 14. g4 a5 15. Rad1 Kh8 16. f4 f5 17. gxf5 gxf5 18. e5 Nc8 19. d5 Qe8 20. dxc6 bxc6 21. Qxc4 Rb8 22. Bc5 Rg8 23. Kh2 Nb6 24. Qe6 N6d5 25. Qxf5 e6 26. Qe4 Qh5 27. Qf3 {Sadhwani,R (2545)-Smirnov,A (2597) Chess.com INT 2020 0-1 (43)}) 13. Qe2 e5 14. Rad1 Qe7 15. d5 Rfd8 16. h4 h5 17. Bh3 c5 18. Nb5 b6 19. Nxd6 Qxd6 20. Qxc4 a6 21. Rc1 Bf8 22. Rc2 Rdb8 23. Qd3 b5 24. b3 bxa4 25. bxa4 Rb4 26. Rc4 Rab8 27. Rfc1 Rxc4 28. Rxc4 Rb4 29. Bf1 Qb8 30. Bd2 Rb1 31. Rc1 Rxc1 32. Bxc1 Qb4 33. Qxa6 Qxe4 34. a5 Qxd5 35. Qc8 c4 36. a6 Nb6 37. Qb8 Nd7 38. Qd8 Kg7 39. a7 1-0

[Event "7th Sharjah Masters 2024"]
[Site "Sharjah UAE"]
[Date "2024.05.15"]
[Round "2.10"]
[White "Maghsoodloo, Parham"]
[Black "Sethuraman, S."]
[Result "1-0"]
[WhiteElo "2733"]
[BlackElo "2593"]
[PlyCount "117"]
[EventDate "2024.05.14"]

1. Nf3 Nf6 2. g3 c5 3. Bg2 Nc6 4. O-O e5 5. e4 d6 6. d3 ({RR} 6. c3 Nxe4 7. d4 f5 8. Re1 Be7 9. dxe5 dxe5 10. Qxd8+ Kxd8 11. Nbd2 Nxd2 12. Nxd2 Bf6 13. Nc4 Be6 14. Nxe5 Nxe5 15. Bf4 Ng6 16. Rxe6 Nxf4 17. gxf4 Kc7 18. Rd1 Rad8 19. Rxd8 Rxd8 20. Kf1 Rd2 {Artemiev,V (2705)-Sethuraman,S (2593) Dubai UAE 2024 ½-½}) 6... g6 7. c4 ({RR} 7. a3 Bg7 8. c3 O-O 9. b4 a6 10. Nbd2 b5 11. Rb1 Nd7 12. Nb3 cxb4 13. axb4 Nb6 14. Be3 Be6 15. Qd2 Rc8 16. Rfc1 Re8 17. h4 Na4 18. c4 h5 19. Kh2 Bg4 20. cxb5 axb5 21. Na5 Nd4 {Carlsen,M (2822)-Karjakin,S (2773) Saint Louis 2017 1-0 (42)}) ({RR} 7. Nc3 Bg7 8. Nd2 O-O 9. Nc4 Bg4 10. f3 Be6 11. Ne3 d5 12. exd5 Nxd5 13. Nexd5 Bxd5 14. Nxd5 Qxd5 15. Be3 Qd6 16. Qd2 Rad8 17. Rae1 c4 18. Qf2 cxd3 19. Bc5 Qd5 20. Bxf8 Bxf8 21. Qd2 Qc5+ {Shuvalova,P (2500)-Paravyan,D (2596) chess.com INT 2025 0-1 (104)}) 7... h5 $146 ({RR} 7... Bg7 8. Nc3 O-O 9. Ne1 Bg4 10. f3 Bd7 11. Nc2 a6 12. a4 Ne8 13. Rb1 Rb8 14. Be3 Nc7 15. b4 b6 16. b5 axb5 17. axb5 Nd4 18. Bd2 h5 19. Nxd4 exd4 20. Ne2 Qc8 21. Bf4 Be5 22. Bh6 {Narayanan,S (2661)-Nguyen,T (2649) Jermuk ARM 2023 ½-½ (59)}) 8. Nc3 Bg4 9. Bg5 Be7 10. Qd2 Bxf3 11. Bxf3 Nd5 12. Bxe7 Ndxe7 13. Bd1 h4 14. g4 Qd7 15. h3 Kf8 16. Ba4 Qe6 17. Bxc6 bxc6 18. f4 exf4 19. Qxf4 Kg7 20. g5 Rh5 21. Qf6+ Kg8 22. Kh2 Rd8 23. Qxe6 fxe6 24. Rf6 e5 25. Rg1 Kg7 26. Rgf1 Kg8 27. Nd1 Rxg5 28. Ne3 Rh5 29. Ng4 Rh7 30. Re6 Rg7 31. Rff6 Nc8 32. Rxg6 Rxg6 33. Rxg6+ Kf7 34. Rh6 Kg7 35. Rxh4 Rf8 36. Ne3 Rf2+ 37. Kg1 Rxb2 38. Nf5+ Kg8 39. Rg4+ Kf8 40. h4 Ne7 41. Nxd6 Rxa2 42. h5 Rd2 43. Rg3 Ng8 44. Nf5 a5 45. h6 Nf6 46. Rg6 Rd1+ 47. Kf2 Kf7 48. Rg7+ Kf8 49. Ke2 Rh1 50. Ra7 a4 51. Rxa4 Ng4 52. Ra8+ Kf7 53. Ra7+ Kf6 54. h7 Rh3 55. Kf1 Rh2 56. Kg1 Rh5 57. Kg2 Nh2 58. Rg7 Nf1 59. Rg8 1-0

[Event "7th Sharjah Masters 2024"]
[Site "Sharjah UAE"]
[Date "2024.05.15"]
[Round "2.22"]
[White "Shankland, S."]
[Black "Sivuk, V."]
[Result "1-0"]
[WhiteElo "2671"]
[BlackElo "2544"]
[PlyCount "111"]
[EventDate "2024.05.14"]

1. Nf3 d5 2. g3 Nf6 3. Bg2 e6 4. O-O Be7 5. d3 O-O 6. Nbd2 Nc6 7. d4 a5 ({RR} 7... Ne4 8. c3 f5 9. Ne1 e5 10. dxe5 Nxe5 11. Nd3 Ng6 12. c4 Be6 13. cxd5 Nxd2 14. dxe6 Nxf1 15. Kxf1 c6 16. Qb3 Qb6 17. Qc4 Kh8 18. Be3 Qc7 19. f4 Rad8 20. Rc1 Bf6 21. Qb4 Rfe8 22. Bxa7 {Kramnik,V (2801)-Aronian,L (2792) Zuerich 2016 ½-½ (49)}) 8. c4 ({RR} 8. c3 b6 9. Qc2 Bb7 10. e4 dxe4 11. Ne5 Nxe5 12. dxe5 Nd7 13. Bxe4 Bxe4 14. Qxe4 Nc5 15. Qe2 Qd3 16. Re1 Qxe2 17. Rxe2 Nd3 18. Nf3 Rfd8 19. Be3 b5 20. Nd4 Rd5 21. f4 b4 22. c4 Rd7 {Mammadzada,G (2396)-Fataliyeva,U (2387) Baku AZE 2025 1-0 (34)}) 8... b6 9. b3 Bb7 10. Bb2 $146 ({RR} 10. a3 Na7 11. Bb2 Nc8 12. Ne5 c6 13. Rc1 Nd6 14. Qc2 Rc8 15. c5 bxc5 16. dxc5 Nb5 17. e4 Nc7 18. Rfd1 Na6 19. Nd3 Nd7 20. b4 axb4 21. axb4 Nc7 22. h4 Ba6 23. Nb3 Bf6 24. Na5 Bxd3 {Lagarde,M (2625)-Deac,B (2639) Chess.com INT 2021 1-0 (46)}) 10... a4 11. cxd5 exd5 12. bxa4 Bd6 13. Nb1 Ne4 14. Nfd2 Nxd2 15. Nxd2 Bb4 16. Nb1 Na5 17. Bc3 Qe7 18. Qc2 Bd6 19. e3 Qd7 20. Bxa5 Rxa5 21. Nc3 Rfa8 22. Qb3 Bf8 23. Rfc1 Rd8 24. Rab1 Ba8 25. Qd1 Ra6 26. Qe2 Ra5 27. Rb5 c5 28. Rxb6 cxd4 29. exd4 Rc8 30. Qb2 Ra7 31. Nb5 Rxa4 32. Rxc8 Qxc8 33. Nc3 Ra3 34. Nxd5 Rd3 35. Ne7+ Bxe7 36. Rb8 Rd1+ 37. Bf1 Qf8 38. Rxf8+ Bxf8 39. f4 Bd5 40. Kf2 g6 41. Bg2 Bxg2 42. Kxg2 Bg7 43. Qb8+ Bf8 44. Qa7 Rd2+ 45. Kf1 Kg7 46. a4 Bb4 47. Qb8 Be7 48. Qb7 Bf6 49. d5 Ra2 50. Qc6 h5 51. d6 Rxh2 52. d7 Rd2 53. a5 h4 54. gxh4 Rd4 55. a6 Rxf4+ 56. Ke2 1-0

[Event "7th Sharjah Masters 2024"]
[Site "Sharjah UAE"]
[Date "2024.05.16"]
[Round "3.10"]
[White "Sankalp, Gupta"]
[Black "Yakubboev, Nodirbek"]
[Result "1-0"]
[WhiteElo "2532"]
[BlackElo "2665"]
[PlyCount "165"]
[EventDate "2024.05.14"]

1. Nf3 d5 2. e3 Nf6 3. c4 e6 4. Nc3 Bd6 5. b3 O-O 6. Bb2 Nc6 7. d4 ({RR} 7. a3 a6 8. Qc2 Re8 9. Bd3 h6 10. Rg1 Ng4 11. h3 Nge5 12. Nxe5 Bxe5 13. f4 Bxc3 14. Qxc3 e5 15. cxd5 Qxd5 16. O-O-O Be6 17. f5 Bd7 18. g4 b5 19. g5 b4 20. Qc4 Qxc4+ 21. Bxc4 Bxf5 {Peng,L (2504)-Sahithi Varshini M (2289) Pozarevac SRB 2025 1-0 (44)}) 7... dxc4 8. bxc4 e5 9. d5 ({RR} 9. Be2 Re8 10. O-O exd4 11. Nxd4 Nxd4 12. exd4 Bf5 13. Bf3 c6 14. Qb3 Ng4 15. g3 h5 16. Rae1 Qd7 17. Ne4 Bf8 18. Re2 Rad8 19. Rfe1 b5 20. cxb5 cxb5 21. h3 Nh6 22. Nc5 Bxc5 23. dxc5 Rxe2 {So,W (2760)-Gukesh,D (2732) Stavanger NOR 2023 1-0 (33)}) 9... Na5 $146 ({RR} 9... Ne7 10. Bd3 Ng6 11. Qc2 c6 12. dxc6 bxc6 13. h4 Re8 14. Ng5 Bb4 15. a3 Ba5 16. O-O-O Qe7 17. Nce4 Rb8 18. Nd6 e4 19. Ngxe4 Nxe4 20. Bxe4 Rd8 21. c5 Nf8 22. Nc4 Qxc5 23. Nxa5 Qxa5 24. Qc3 {Ganguly,S (2574)-Sorensen,H (2428) Fagernes NOR 2024 1-0 (77)}) 10. Be2 b6 11. O-O Re8 12. Nd2 Nd7 13. Qc2 Nc5 14. e4 a6 15. Nd1 Bd7 16. Rc1 c6 17. Ne3 Rc8 18. Qb1 Na4 19. Ba1 Bc5 20. Nb3 Bxe3 21. fxe3 Nb7 22. Rcd1 c5 23. Nd2 Nd6 24. Nf3 f6 25. Nh4 g6 26. Nf3 b5 27. Nd2 Qe7 28. Rf2 Nb6 29. Rdf1 Rf8 30. Qc2 b4 31. Nb3 Nb7 32. Bd3 a5 33. Bb2 a4 34. Nd2 a3 35. Ba1 Ba4 36. Nb3 Nd6 37. h3 Rf7 38. Qc1 Bxb3 39. axb3 Nd7 40. Qb1 h5 41. Bc2 Rh7 42. Bd3 Rf8 43. Bc2 Rff7 44. Bd3 Kf8 45. Bc2 Ke8 46. Bd3 Kd8 47. Bc2 Kc7 48. Bd3 Qf8 49. Bc2 Qh6 50. Qe1 Qg5 51. Rf3 h4 52. Kh2 Rf8 53. Rg1 Qh6 54. Rgf1 Rhf7 55. R3f2 Qg5 56. Rf3 f5 57. exf5 Nxf5 58. Bxf5 Rxf5 59. d6+ Kxd6 60. Qd2+ Kc7 61. Rd1 Qe7 62. Rxf5 gxf5 63. Qd5 Re8 64. Qf3 Qe6 65. Qh5 Nf6 66. Qxh4 Rd8 67. Rf1 Ne4 68. Qh7+ Kb6 69. Rxf5 Rd7 70. Qh5 Nc3 71. Rg5 Qc6 72. Qe8 Qc7 73. h4 e4+ 74. Kh3 Rd8 75. Qe6+ Ka7 76. Rf5 Rd6 77. Qe5 a2 78. Rf2 Kb6 79. Bxc3 bxc3 80. Rxa2 Rd2 81. Ra6+ Kxa6 82. Qxc7 c2 83. Qc6+ 1-0

[Event "7th Sharjah Masters 2024"]
[Site "Sharjah UAE"]
[Date "2024.05.19"]
[Round "6.15"]
[White "Deac, Bogdan-Daniel"]
[Black "Adhiban, Baskaran"]
[Result "1-0"]
[WhiteElo "2693"]
[BlackElo "2523"]
[PlyCount "99"]
[EventDate "2024.05.14"]

1. Nf3 d5 2. e3 Nf6 3. c4 e6 4. d4 Be7 5. Nc3 O-O 6. Bd2 dxc4 ({RR} 6... c5 7. cxd5 cxd4 8. Nxd4 Nxd5 9. Be2 Nxc3 10. Bxc3 Bd7 11. Bf3 Qb6 12. Rc1 Rd8 13. O-O Nc6 14. Bxc6 Bxc6 15. Qg4 Bf8 16. Nxc6 bxc6 17. h4 Qb5 18. h5 Qf5 19. Qxf5 exf5 20. Rfd1 f6 21. h6 {Firouzja,A (2760)-Melkumyan,H (2640) chess.com INT 2024 1-0 (51)}) ({RR} 6... a6 7. a4 c6 8. Bd3 dxc4 9. Bxc4 Nbd7 10. O-O b6 11. Qe2 Bb7 12. Rfd1 b5 13. Bd3 Qb6 14. a5 Qc7 15. e4 c5 16. e5 Nd5 17. Ne4 h6 18. dxc5 Nxe5 19. Nxe5 Qxe5 20. Rac1 Rac8 21. b4 {Garv,G (2388)-Murthy,P (1821) chess.com INT 2024 1-0 (41)}) 7. Bxc4 b6 $146 ({RR} 7... c5 8. dxc5 Bxc5 9. O-O Nc6 10. Qb1 h6 11. Ne4 Be7 12. Rd1 Qc7 13. Bc3 Rd8 14. Rxd8+ Qxd8 15. Qc2 Qc7 16. Nxf6+ Bxf6 17. Bxf6 gxf6 18. Qe4 Bd7 19. Bd3 f5 20. Qh4 Kg7 21. e4 fxe4 22. Bxe4 {Noe,C (2529)-Nasshan,D (2306) Germany 2019 1-0 (35)}) 8. e4 Bb7 9. Qe2 c5 10. dxc5 Nbd7 11. cxb6 Nxb6 12. Bb5 Bb4 13. Rd1 Qc8 14. Bd3 Rd8 15. O-O Rxd3 16. Qxd3 Ba6 17. Qb1 Bxf1 18. Rxf1 Nc4 19. Rc1 Nxd2 20. Nxd2 Qb7 21. Qd3 Ba5 22. Qc2 Rd8 23. h3 h6 24. Re1 Rc8 25. Nb3 Bc7 26. Nd2 Ba5 27. Nb3 Bc7 28. e5 Nd7 29. f4 Nf8 30. Qe4 Qb6+ 31. Kh1 Ng6 32. Rd1 Bb8 33. g3 h5 34. h4 a5 35. Qd4 Qb7+ 36. Qe4 Qb6 37. Qd4 Qb7+ 38. Kh2 Ba7 39. Qd7 Rc7 40. Qd8+ Nf8 41. Qd3 Qb4 42. Qb5 Qe7 43. Nxa5 Be3 44. Nc6 Qe8 45. Nd4 Qe7 46. Nf3 Nd7 47. Ng5 g6 48. Qe2 Bb6 49. Nb5 Rc5 50. Nd6 1-0

[Event "7th Sharjah Masters 2024"]
[Site "Sharjah UAE"]
[Date "2024.05.20"]
[Round "7.22"]
[White "Gledura, B."]
[Black "Gavrilescu, David"]
[Result "1-0"]
[WhiteElo "2619"]
[BlackElo "2540"]
[PlyCount "121"]
[EventDate "2024.05.14"]

1. Nf3 d5 2. e3 Nf6 3. c4 e6 4. Nc3 c5 5. cxd5 exd5 6. Bb5+ Nc6 7. Ne5 Bd7 8. Bxc6 bxc6 9. Nxd7 Nxd7 10. O-O Bd6 11. d3 $146 ({RR} 11. b3 O-O 12. Ba3 Qc7 13. h3 a5 14. Na4 c4 15. Bxd6 Qxd6 16. bxc4 dxc4 17. Rc1 Ne5 18. f4 Nd3 19. Rxc4 Rad8 20. Qb1 c5 21. Rc3 h5 22. Rd1 h4 23. Nb2 Nxb2 24. Qxb2 Rfe8 25. Qc2 Rc8 {Keymer,V (2743)-Shuvalova,P (2475) chess.com INT 2024 1-0 (41)}) 11... O-O 12. e4 Be5 13. exd5 Bxc3 14. dxc6 Bd4 15. cxd7 Qxd7 16. Rb1 Rfe8 17. b3 Rad8 18. Bb2 Bxb2 19. Rxb2 Qxd3 20. Qxd3 Rxd3 21. Rc2 Rd5 22. Rfc1 g6 23. Kf1 Ree5 24. Re1 Rf5 25. h4 Rd4 26. g3 Kf8 27. Re3 Rb4 28. Rec3 Rb5 29. Rd2 Ra5 30. Re3 Ra3 31. Ke2 h5 32. Re4 Rf6 33. Rc4 Re6+ 34. Kd1 Rea6 35. Rcc2 Ke7 36. Kc1 R3a5 37. Kb1 Rd6 38. Kb2 Rb5 39. Re2+ Re6 40. a4 Ra5 41. Rxe6+ Kxe6 42. Re2+ Kd6 43. Rd2+ Ke6 44. Kc3 Ra6 45. Kc4 Rb6 46. Rd3 Rb4+ 47. Kxc5 a5 48. Kc6 f6 49. Rd6+ Kf5 50. Rd5+ Kg4 51. Rb5 Re4 52. Rxa5 Kf3 53. Rc5 Kxf2 54. Rc3 g5 55. a5 gxh4 56. gxh4 f5 57. a6 Re6+ 58. Kb7 Re7+ 59. Rc7 Re3 60. b4 Rb3 61. Rc4 1-0

[Event "Titled Tue 14th May Early"]
[Site "chess.com INT"]
[Date "2024.05.14"]
[Round "5"]
[White "Praggnanandhaa, R."]
[Black "Bjerre, Jonas Buhl"]
[Result "1-0"]
[WhiteElo "2747"]
[BlackElo "2653"]
[PlyCount "63"]
[EventDate "2024.05.14"]

1. Nf3 Nf6 2. g3 d5 3. Bg2 e6 4. O-O Be7 5. d3 O-O 6. Nbd2 Nc6 7. c3 e5 ({RR} 7... b6 8. Re1 h6 9. b4 Bb7 10. Bb2 a5 11. a3 axb4 12. cxb4 Na7 13. Qb3 c5 14. bxc5 Bxc5 15. Bd4 Nd7 16. Qb2 Bxd4 17. Nxd4 Nc6 18. N2f3 Nxd4 19. Nxd4 Qe7 20. a4 Rfc8 21. a5 Ra6 22. Rec1 {Jumabayev,R (2598)-Kravtsiv,M (2598) chess.com INT 2024 0-1 (54)}) ({RR} 7... a5 8. e4 dxe4 9. dxe4 e5 10. Qc2 Bc5 11. Nc4 Qe7 12. Ne3 Bxe3 13. Bxe3 Be6 14. h3 Rfd8 15. Rfe1 Bc4 16. Rad1 Rxd1 17. Rxd1 Rd8 18. Rxd8+ Qxd8 19. Nd2 Be6 20. a3 Ne8 21. b4 Nd6 22. Bf1 {Flores,D (2551)-Scarsi,A (2154) Perez, Santa Fe ARG 2025 1-0 (41)}) 8. Qc2 h6 9. b4 a6 10. Rb1 $146 ({RR} 10. a3 Re8 11. e4 dxe4 12. dxe4 Bg4 13. Nc4 Bf8 14. Ne3 Bxf3 15. Bxf3 g6 16. Be2 Qe7 17. Bc4 Nd8 18. Nd5 Nxd5 19. Bxd5 c6 20. Bb3 a5 21. Be3 axb4 22. axb4 Ne6 23. Qe2 Bg7 24. Bb6 Kh7 {Miciano,J (2381)-Stange,S (2161) Vlissingen 2018 1-0 (40)}) 10... Be6 11. a4 b5 12. Bb2 Qd7 13. Rfe1 e4 14. dxe4 dxe4 15. Nxe4 Nxe4 16. Qxe4 Bf5 17. Qf4 Bxb1 18. Rxb1 Bd6 19. Qd2 bxa4 20. c4 Qf5 21. Ra1 Bxb4 22. Nh4 Qc5 23. Qf4 f6 24. Bd5+ Rf7 25. Rxa4 Rd8 26. Qe4 Ne7 27. Bxf7+ Kxf7 28. Rxa6 Rd1+ 29. Kg2 Rd2 30. Bc1 Rd1 31. Be3 Qh5 32. Qe6+ 1-0

[Event "Titled Tue 14th May Early"]
[Site "chess.com INT"]
[Date "2024.05.14"]
[Round "9"]
[White "Svane, R."]
[Black "Tristan, L."]
[Result "1-0"]
[WhiteElo "2635"]
[BlackElo "2530"]
[PlyCount "193"]
[EventDate "2024.05.14"]

1. Nf3 d5 2. g3 Nf6 3. Bg2 Bf5 4. O-O e6 5. c4 c6 6. Qb3 Qb6 7. d3 h6 8. cxd5 Qxb3 9. axb3 exd5 10. Bd2 Nbd7 11. b4 a6 12. Bc3 Be7 13. Nbd2 O-O 14. Nb3 Bd8 15. Nfd4 Bg6 16. h3 $146 ({RR} 16. Rfe1 Bb6 17. Kf1 Rfe8 18. Rad1 Re7 19. f3 Rae8 20. Bh3 Ne5 21. Nc5 a5 22. Ndb3 axb4 23. Bxb4 Rb8 24. Na4 c5 25. Nbxc5 Ree8 26. Nxb6 {1-0 (26) Svane,R (2625)-Tristan,L (2531) chess.com INT 2025}) 16... Bc7 17. f4 Ne8 18. g4 Nd6 19. Rae1 Rfe8 20. Bf3 f6 21. Kg2 Nb5 22. Bd2 Bb6 23. Nc2 Bf7 24. h4 Nf8 25. Nc5 Bxc5 26. bxc5 d4 27. b4 Ne6 28. f5 Nec7 29. g5 hxg5 30. hxg5 fxg5 31. Bxg5 Bd5 32. Bd2 Bxf3+ 33. Rxf3 Nd5 34. Kf2 Re5 35. Kg3 Rae8 36. Rf2 Rf8 37. Kg4 g6 38. e4 dxe3 39. Nxe3 Nxe3+ 40. Rxe3 Rexf5 41. Rxf5 Rxf5 42. Re6 Kf7 43. Re4 Rf2 44. Bg5 Rg2+ 45. Kh4 Kf8 46. Bh6+ Kf7 47. Bg5 Kf8 48. Re6 Nd4 49. Rxg6 Nf3+ 50. Kh5 Rh2+ 51. Kg4 Nxg5 52. Rxg5 Rb2 53. Rf5+ Ke7 54. Rf4 Rb3 55. Rd4 Ke6 56. Kf4 a5 57. bxa5 Rb5 58. Rd6+ Ke7 59. a6 Rxc5 60. axb7 Rb5 61. Rxc6 Rxb7 62. Rh6 Kd8 63. d4 Rb5 64. Ke4 Rg5 65. Rh7 Rg1 66. Kd5 Ra1 67. Ke5 Ra5+ 68. d5 Ra6 69. Rg7 Rb6 70. Ra7 Rh6 71. Kd4 Rg6 72. Kc5 Rg1 73. Rh7 Rg6 74. Rf7 Rh6 75. Rg7 Rf6 76. Kd4 Rh6 77. Ke5 Ra6 78. Rb7 Rh6 79. Rb4 Rg6 80. Rf4 Rh6 81. Kd4 Ra6 82. Rf8+ Ke7 83. Rh8 Kd7 84. Ke5 Rg6 85. Rh7+ Kd8 86. Kd4 Ra6 87. Rb7 Rg6 88. Rb3 Rh6 89. Kc5 Rh1 90. Kc6 Rh6+ 91. d6 Kc8 92. Rg3 Rh8 93. Ra3 Kb8 94. Rb3+ Kc8 95. d7+ Kd8 96. Rb8+ Ke7 97. Rxh8 1-0

[Event "Titled Tue 14th May Late"]
[Site "chess.com INT"]
[Date "2024.05.14"]
[Round "2"]
[White "Mitrabha, G."]
[Black "Ehlvest, J."]
[Result "1-0"]
[WhiteElo "2542"]
[BlackElo "2528"]
[PlyCount "87"]
[EventDate "2024.05.14"]

1. Nf3 c5 2. c3 g6 3. d4 Bg7 ({RR} 3... cxd4 4. cxd4 d5 5. Nc3 Bg7 6. Bf4 a6 7. Rc1 Nc6 8. e3 Bg4 9. h3 Bxf3 10. Qxf3 Nf6 11. Bd3 O-O 12. O-O e6 13. Bg5 e5 14. Bxf6 Bxf6 15. Nxd5 Bg7 16. Rfe1 exd4 17. exd4 Nxd4 18. Ne7+ {Ilkhomi,J (2335)-Janaszak,D (2306) chess.com INT 2025 0-1 (56)}) 4. dxc5 Na6 5. Be3 Nf6 ({RR} 5... Qc7 6. Bd4 e5 7. Be3 Nxc5 8. Na3 Qc6 9. Nc4 f6 10. Nd6+ Ke7 11. Nxc8+ Rxc8 12. g3 Nh6 13. Bg2 Nf5 14. Bxc5+ Qxc5 15. O-O h5 16. Qb3 h4 17. g4 h3 18. gxf5 hxg2 19. Rfd1 gxf5 20. Qxb7 {Gustafsson,J (2645)-Edouard,R (2641) chess24.com INT 2020 0-1}) 6. h3 $146 ({RR} 6. Bd4 O-O 7. Nbd2 b6 8. cxb6 axb6 9. e4 Nc5 10. Bc4 Bb7 11. e5 Nd5 12. O-O Qc7 13. Re1 Nf4 14. Nf1 Nce6 15. Ne3 Bc6 16. Bf1 Qb7 17. Nd2 Nxd4 18. cxd4 f6 19. exf6 Bxf6 20. Ndc4 Kh8 {Ferreira,H (2027)-Del Rey,D (2349) Famalicao 2017 ½-½ (31)}) 6... O-O 7. Nbd2 Qc7 8. Nb3 Rd8 9. g3 b6 10. cxb6 axb6 11. Bg2 Bb7 12. O-O e5 13. Bg5 h6 14. Bxf6 Bxf6 15. Qd2 Bg7 16. h4 d5 17. h5 g5 18. Nh2 f5 19. a3 Qc4 20. Nc1 Nc5 21. Qc2 e4 22. e3 Rac8 23. Qe2 Na4 24. Rb1 Qxe2 25. Nxe2 Ba6 26. Rfe1 Bd3 27. Bf1 Bxb1 28. Rxb1 Nc5 29. g4 f4 30. exf4 Nd3 31. fxg5 hxg5 32. f3 Rf8 33. Ng3 Be5 34. Nf5 Kh7 35. Bxd3 exd3 36. Rd1 Bxh2+ 37. Kxh2 Rce8 38. Nd4 Re3 39. Kg3 Rfe8 40. a4 R8e5 41. b3 Re1 42. Rxd3 Rg1+ 43. Kf2 Rc1 44. b4 1-0